<?xml version="1.0" encoding="UTF-8"?>
<collection xmlns="http://www.loc.gov/MARC21/slim">
  <record>
    <leader>00000nam  2200000   4500</leader>
    <controlfield tag="001">INLIS000000000000185</controlfield>
    <controlfield tag="005">20190422015526</controlfield>
    <datafield tag="035" ind1="#" ind2="#">
      <subfield code="a">0010-0718000185</subfield>
    </datafield>
    <controlfield tag="008">190422################g##########0#ind##</controlfield>
    <datafield tag="020" ind1="#" ind2="#">
      <subfield code="a">9789797096014</subfield>
    </datafield>
    <datafield tag="041" ind1=" " ind2=" ">
      <subfield code="a">id</subfield>
    </datafield>
    <datafield tag="082" ind1="#" ind2="#">
      <subfield code="a">900</subfield>
    </datafield>
    <datafield tag="090" ind1=" " ind2=" ">
      <subfield code="a">920 Sul s</subfield>
    </datafield>
    <datafield tag="100" ind1=" " ind2="#">
      <subfield code="a">Sularto, ST</subfield>
    </datafield>
    <datafield tag="245" ind1="1" ind2="#">
      <subfield code="a">Syukur tiada akhir jejak langkah Jakob Oetama /</subfield>
      <subfield code="c">St. Sularto</subfield>
    </datafield>
    <datafield tag="250" ind1="#" ind2="#">
      <subfield code="a">Cet.1</subfield>
    </datafield>
    <datafield tag="260" ind1="#" ind2="#">
      <subfield code="a">Jakarta :</subfield>
      <subfield code="b">Kompas Media,</subfield>
      <subfield code="c">2011</subfield>
    </datafield>
    <datafield tag="300" ind1="#" ind2="#">
      <subfield code="a">xii, 659 hlm. :</subfield>
      <subfield code="b">ilus ;</subfield>
      <subfield code="c">23 cm</subfield>
    </datafield>
    <datafield tag="650" ind1=" " ind2="#">
      <subfield code="a">Oto Biografi</subfield>
    </datafield>
    <datafield tag="084" ind1="#" ind2="#">
      <subfield code="a">900 Sul s</subfield>
    </datafield>
    <datafield tag="520" ind1="#" ind2="#">
      <subfield code="a">Perjalanan Harian Kompas--- yang terbit pertama tanggal 28 Juni 1965 dan didirikan oleh Petrus Kanisius Ojong (1920-1980) dan Jakob Oetama---tak bisa lepas dari tiga titik balik yang menentukan. Pertama Keputusan Jakob Oetama siap memikul tanggung kawab menandatangani surat permintaan maaf, dini hari 5 Februari 1978. Kedua, keputusan Jakob Oetama memilih profesi jurnalistik sebagai panggilan hidup. Ketiga, kepergian P.K. Ojong yang mendadak tanggal 31 Mei 1980, padahal selama ini urusan bisnis menjadi tanggung jawabnya, sementara urusan redaksi tanggung jawab Jakob Oetama.Apa yang bakal terjadi andaikan Jakob Oetama tidak mengambil alih tanggung jawab? Kompas mungkin akan tinggal nama, menjadi salah satu fosil korban pemberedelan. Andai Jakob Oetama menjadi dosen dan dikirim mengambil program Doktor di Universitas Leuven, Belgia atau University of Columbia, AS seperti yang dijanjikan, mungkin tidak akan lahir koran dengan terobosan-terobosan mencerahkan, yang merupakan bagian dari usaha survival-nya dibawah pemerintahan represif Soeharto. Banyak pengandaian yang lain, yang jelas sekian suku usaha tumbuh dan berkembang dibawah nama Jakob Oetama, sosk sederhana yang lebihsenang disebut wartawan daripada pengusaha; yang selalu menyebut keberhasilan Kompas adalah berkat kerja keras, sinerji, dan karena diberkati Allah. Seolah-olah semua terjadi secara kebetulan, tetappi sebenarnya semua terjadi berkat penyelenggaraan Allah (providentia dei). Un journal c'est un monsieur, koran itu bersosok. Begitu pula sebaliknya. Deus, gratias agimus tibi. Tuhan, kami bersyukur pada-Mu.</subfield>
    </datafield>
    <datafield tag="856" ind1="#" ind2="#">
      <subfield code="a">Perpustakaan Lembaga Administrasi Negara</subfield>
    </datafield>
    <datafield tag="990" ind1="#" ind2="#">
      <subfield code="a">141217154</subfield>
    </datafield>
    <datafield tag="990" ind1="#" ind2="#">
      <subfield code="a">141217153</subfield>
    </datafield>
    <datafield tag="990" ind1="#" ind2="#">
      <subfield code="a">141217154</subfield>
    </datafield>
    <datafield tag="990" ind1="#" ind2="#">
      <subfield code="a">141217153</subfield>
    </datafield>
    <datafield tag="990" ind1="#" ind2="#">
      <subfield code="a">141217153</subfield>
    </datafield>
    <datafield tag="990" ind1="#" ind2="#">
      <subfield code="a">141217154</subfield>
    </datafield>
  </record>
</collection>
